<?xml version="1.0" encoding="UTF-8"?>
<record
    xmlns:xsi="http://www.w3.org/2001/XMLSchema-instance"
    xsi:schemaLocation="http://www.loc.gov/MARC21/slim http://www.loc.gov/standards/marcxml/schema/MARC21slim.xsd"
    xmlns="http://www.loc.gov/MARC21/slim">

  <leader>01381nam a2200337Ia 4500</leader>
  <controlfield tag="001">005910</controlfield>
  <controlfield tag="008">221003s2002    xx            000 0 spa d</controlfield>
  <datafield tag="035" ind1=" " ind2=" ">
    <subfield code="a">CENDO_10276</subfield>
  </datafield>
  <datafield tag="041" ind1=" " ind2=" ">
    <subfield code="a">spa</subfield>
  </datafield>
  <datafield tag="084" ind1=" " ind2=" ">
    <subfield code="a">MU-00043-00012</subfield>
  </datafield>
  <datafield tag="110" ind1=" " ind2=" ">
    <subfield code="a">COMUNIDADES EUROPEAS</subfield>
    <subfield code="b">Iniciativa NOW</subfield>
    <subfield code="b">Programa OPTIMA</subfield>
    <subfield code="c">Programa OPTIMA</subfield>
    <subfield code="9">41201</subfield>
  </datafield>
  <datafield tag="245" ind1=" " ind2="0">
    <subfield code="a">Programa &#xD3;ptima de igualdad de oportunidades</subfield>
  </datafield>
  <datafield tag="260" ind1=" " ind2=" ">
    <subfield code="a">Madrid :</subfield>
    <subfield code="b">Instituto de la Mujer,</subfield>
    <subfield code="c">2002</subfield>
  </datafield>
  <datafield tag="300" ind1=" " ind2=" ">
    <subfield code="a">1 carp. (pag. var.) : gr&#xE1;f. , tab.  ;</subfield>
    <subfield code="c"> 30 cm</subfield>
  </datafield>
  <datafield tag="500" ind1=" " ind2=" ">
    <subfield code="a">Contiene : Objetivos, desarrollo y empresas participantes en el Programa &#xD3;ptima; Empresas que obtienen el reconocimiento a 16 de abril de 2002; Distribuci&#xF3;n de la plantilla por sexos en las empresas del Programa &#xD3;ptima; folleto del Programa &#xD3;ptima: la rentabilizaci&#xF3;n del capital humano en las empresas; Bolet&#xED;n Informativo n. 4 (diciembre 2000); Bolet&#xED;n Informativo n. 5 (octubre 2001)</subfield>
  </datafield>
  <datafield tag="650" ind1=" " ind2=" ">
    <subfield code="a">MUJERES</subfield>
    <subfield code="9">199</subfield>
  </datafield>
  <datafield tag="650" ind1=" " ind2="0">
    <subfield code="a">IGUALDAD DE OPORTUNIDADES</subfield>
    <subfield code="9">590</subfield>
  </datafield>
  <datafield tag="650" ind1=" " ind2=" ">
    <subfield code="a">DISCRIMINACION POR RAZONES DE SEXO</subfield>
    <subfield code="9">201</subfield>
  </datafield>
  <datafield tag="650" ind1=" " ind2=" ">
    <subfield code="a">RECURSOS HUMANOS</subfield>
    <subfield code="9">29</subfield>
  </datafield>
  <datafield tag="650" ind1=" " ind2=" ">
    <subfield code="a">EMPRESA</subfield>
    <subfield code="9">67</subfield>
  </datafield>
  <datafield tag="650" ind1=" " ind2=" ">
    <subfield code="a">ESPA&#xD1;A</subfield>
    <subfield code="9">9</subfield>
  </datafield>
  <datafield tag="650" ind1=" " ind2=" ">
    <subfield code="a">PLAN DE ACCION</subfield>
    <subfield code="9">1075</subfield>
  </datafield>
  <datafield tag="710" ind1=" " ind2=" ">
    <subfield code="a">INSTITUTO DE LA MUJER</subfield>
    <subfield code="c">Espa&#xF1;a</subfield>
    <subfield code="9">2132</subfield>
  </datafield>
  <datafield tag="901" ind1=" " ind2=" ">
    <subfield code="a">2</subfield>
  </datafield>
  <datafield tag="903" ind1=" " ind2=" ">
    <subfield code="a">NO</subfield>
  </datafield>
  <datafield tag="904" ind1=" " ind2=" ">
    <subfield code="a">000</subfield>
  </datafield>
  <datafield tag="953" ind1=" " ind2=" ">
    <subfield code="d">2002-04-22</subfield>
    <subfield code="y">DOCUMENTO</subfield>
    <subfield code="o">MU-00043-00012</subfield>
  </datafield>
  <datafield tag="999" ind1=" " ind2=" ">
    <subfield code="c">10275</subfield>
    <subfield code="d">10275</subfield>
  </datafield>
  <datafield tag="910" ind1=" " ind2=" ">
    <subfield code="a">2002</subfield>
  </datafield>
  <datafield tag="942" ind1=" " ind2=" ">
    <subfield code="c">DOCUMENTO</subfield>
  </datafield>
  <datafield tag="952" ind1=" " ind2=" ">
    <subfield code="0">0</subfield>
    <subfield code="1">0</subfield>
    <subfield code="4">0</subfield>
    <subfield code="7">0</subfield>
    <subfield code="a">CENDO</subfield>
    <subfield code="b">CENDO</subfield>
    <subfield code="d">2002-04-22</subfield>
    <subfield code="l">0</subfield>
    <subfield code="o">MU-00043-00012</subfield>
    <subfield code="p">CENDO_10276</subfield>
    <subfield code="r">2022-10-05 00:00:00</subfield>
    <subfield code="w">2022-10-05</subfield>
    <subfield code="y">DOCUMENTO</subfield>
  </datafield>
</record>
